In mortal hands : (Record no. 62092)
[ view plain ]
| 000 -LEADER | |
|---|---|
| fixed length control field | 01705nam a22002657a 4500 |
| 005 - DATE AND TIME OF LATEST TRANSACTION | |
| control field | 20100727105330.0 |
| 010 ## - LCCN (DPL NO) | |
| LC control number | B-452434-438 |
| 020 ## - INTERNATIONAL STANDARD BOOK NUMBER | |
| International Standard Book Number | 9788125038443 |
| Terms of availability | 895.00 |
| 035 ## - SYSTEM CONTROL NUMBER | |
| System control number | B-452434-438 |
| 037 ## - SOURCE OF ACQUISITION | |
| Source of stock number/acquisition | BPPD/Virtuous Pub/Ven |
| 082 ## - DEWEY DECIMAL CLASSIFICATION NUMBER | |
| Classification number | 909.82 |
| 100 ## - MAIN ENTRY--PERSONAL NAME | |
| Personal name | Cooke,Stephanie |
| 245 ## - TITLE STATEMENT | |
| Title | In mortal hands : |
| Remainder of title | A cautionary history of the nuclear age / |
| Statement of responsibility, etc | by Stephanie Cooke |
| 260 ## - PUBLICATION, DISTRIBUTION, ETC. (IMPRINT) | |
| Place of publication, distribution, etc | Hyderabad |
| Name of publisher, distributor, etc | Orient blackswan publisher |
| Date of publication, distribution, etc | 2010 |
| 270 ## - ADDRESS | |
| Address | 3-6-752, Himayatnagar |
| Postal code | 500029 |
| City | Hyderabad |
| 300 ## - PHYSICAL DESCRIPTION | |
| Extent | xv, 487 p. |
| Dimensions | 24 cm. (Hb) |
| 500 ## - GENERAL NOTE | |
| General note | inculdes bibliographical references and index |
| 942 ## - ADDED ENTRY ELEMENTS (KOHA) | |
| Source of classification or shelving scheme | Dewey Decimal Classification |
| Item type | English Books |
| Call number suffix | COO |
| Classification part | 909.82 |
| Withdrawn status | Lost status | Not for loan | Collection code | Home library | Current library | Date acquired | Source of acquisition | Cost, normal purchase price | Full call number | Barcode | Copy number | Cost, replacement price | Koha item type |
|---|---|---|---|---|---|---|---|---|---|---|---|---|---|
| Non-fiction | Central Library | Central Library | 15/02/2012 | Virtuous Pub/686/14.10.2011/05/15.09.2011/29.11.2011 | 895.00 | 909.82 COO | B-452434 | 1 | 895.00 | English Books | |||
| Non-fiction | Karol Bagh | Karol Bagh | 15/02/2012 | Virtuous Pub/686/14.10.2011/05/15.09.2011/29.11.2011 | 895.00 | 909.82 COO | B-452437 | 1 | 895.00 | English Books | |||
| Non-fiction | Patel Nagar | Patel Nagar | 15/02/2012 | Virtuous Pub/686/14.10.2011/05/15.09.2011/29.11.2011 | 895.00 | 909.82 COO | B-452435 | 1 | 895.00 | English Books | |||
| Non-fiction | Sarojini Nagar | Sarojini Nagar | 15/02/2012 | Virtuous Pub/686/14.10.2011/05/15.09.2011/29.11.2011 | 895.00 | 909.82 COO | B-452436 | 1 | 895.00 | English Books | |||
| Non-fiction | Shahdara Branch | Shahdara Branch | 15/02/2012 | Virtuous Pub/686/14.10.2011/05/15.09.2011/29.11.2011 | 895.00 | 909.82 COO | B-452438 | 1 | 895.00 | English Books |
